000 01439nam0a2200313 4500
001 RU\NLR\bibl\1440923
005 20260407211515.0
010 _a978-5-904548-01-8
_9200
021 _aRU
_b2009-77860
_94873
035 _a(nilc)RSL-KNO-004388946
035 _a(NLR Aleph) 001432781
090 _a1413262
_c1413262
100 _a20090930d2009 |||y0rusy50 ca
101 0 _arus
102 _aRU
105 _aa |||||||||
200 1 _aМосква в 1992-2008 гг.
_eкраткий статистический справочник
_fФедер. служба гос. статистики, Террит. орган Федер. службы гос. статистики по г. Москве (Мосгорстат)
210 _aМосква
_cМосгорстат
_d2009
215 _a67, [1] с.
_cил.
_d20
607 _aМосква, город
_xНародное хозяйство
_xСтатистика
_z1992 - 2008
_92607363
_3RU\NLR\auth\661543921
686 _aУ9(2-2М)0-05
_2rubbk
686 _aУ03(2-2М)74-05
712 0 1 _4570
_aРоссийская Федерация
_bФедеральная служба государственной статистики
_bТерриториальный орган по г. Москве
_3RU\NLR\AUTH\8810140554
_9776095
801 0 _aRU
_bРГБ
_c20090930
_grcr
801 1 _aRU
_bРГБ
_c20090930
801 2 _aRU
_bNLR
_c20091119
_grcr
942 _cBOOK
980 _aNB